A GUIDE TO LALIBELA (Record no. 33369)

MARC details
000 -LEADER
fixed length control field 00372nam a2200157 4500
003 - CONTROL NUMBER IDENTIFIER
control field OSt
005 - DATE AND TIME OF LATEST TRANSACTION
control field 20220322103632.0
008 - FIXED-LENGTH DATA ELEMENTS--GENERAL INFORMATION
fixed length control field 220322b |||||||| |||| 00| 0 eng d
020 ## - INTERNATIONAL STANDARD BOOK NUMBER
International Standard Book Number 9789994485601
040 ## - CATALOGING SOURCE
Transcribing agency HU
082 ## - DEWEY DECIMAL CLASSIFICATION NUMBER
Classification number 910.4 LAL 2008
245 ## - TITLE STATEMENT
Title A GUIDE TO LALIBELA
260 ## - PUBLICATION, DISTRIBUTION, ETC.
Place of publication, distribution, etc. ETHIOPIA
Name of publisher, distributor, etc. ARADA BOOK
Date of publication, distribution, etc. 2008
300 ## - PHYSICAL DESCRIPTION
Extent 183 P
Dimensions 23
Type of unit PC
942 ## - ADDED ENTRY ELEMENTS (KOHA)
Source of classification or shelving scheme Dewey Decimal Classification
Koha item type Books like text book referance book
Suppress in OPAC No
Holdings
Withdrawn status Lost status Source of classification or shelving scheme Damaged status Not for loan Collection code Home library Current library Shelving location Date acquired Total Checkouts Full call number Barcode Date last seen Copy number Price effective from Koha item type
    Dewey Decimal Classification     Non-fiction Wondo Genet Library Wondo Genet Library General Stacks 03/22/2022   910.4 LAL 2008 WGCFNRL00014363 03/22/2022 1 03/22/2022 Books like text book referance book